000 00437cam a2200181ua 4500
001 10276
008 180223n ii |||gr||||Z||||||asm
020 _a9789382056102
040 _cMAIN
082 _a491.451
100 _aKonwar, Aparna,
_eAuthor.
245 _aAsamiya bhasa cintan
_cBy Aparna Konwar
250 _a1st ed.
260 _aDibrugarh:
_bBanalata,
_c2016.
300 _a278p.
653 _aAssamese language
942 _cBK
999 _c9271
_d9271